MARC

LEADER 00000nam0a2200000 4500
001 375932
005 20231102012758.0
035 |a (RuTPU)RU\TPU\retro\33371 
035 |a RU\TPU\book\307601 
090 |a 375932 
100 |a 20221221d1973 k y0rusy50 ca 
101 0 |a rus 
102 |a RU 
105 |a ab z 001zy 
200 1 |a Литология и палеография Буреинского прогиба в позднем мезозое  |f И. И. Шарудо, В. И. Москвин, О. А. Дзенс-Литовская  |g Академия наук СССР (АН СССР), Сибирское отделение (СО), Институт геологии и геофизики (ИГиГ) ; под ред. Ю. П. Казанского 
210 |a Новосибирск  |c Наука  |d 1973 
215 |a 68 с.  |c ил. 
225 1 |a Труды института геологии и геофизики  |v Вып. 191 
320 |a Библиогр.: с. 66-67. 
606 1 |a Угленосные отложения  |x Месторождения  |2 stltpush  |3 (RuTPU)RU\TPU\subj\62368  |9 79448 
606 1 |a Мезозойские отложения  |2 stltpush  |3 (RuTPU)RU\TPU\subj\41968  |9 61731 
610 1 |a литология 
610 1 |a палеогеография 
610 1 |a поздний мезозой-кайнозой 
610 1 |a Буреинский массив 
610 1 |a фациальный состав 
675 |a 553.94  |v 3 
675 |a 551.76  |v 3 
700 1 |a Шарудо  |b И. И.  |g Иван Иванович 
701 1 |a Москвин  |b В. И.  |g Валерий Иванович 
701 1 |a Дзенс-Литовская  |b О. А.  |g Ольга Алексеевна 
702 1 |a Казанский  |b Ю. П.  |4 340 
712 0 2 |a Академия наук СССР (АН СССР)  |b Сибирское отделение (СО)  |b Институт геологии и геофизики (ИГиГ)  |c (Новосибирск)  |2 stltpush  |3 (RuTPU)RU\TPU\col\128 
801 1 |a RU  |b 63413507  |c 20150207 
801 2 |a RU  |b 63413507  |c 20230522  |g RCR 
942 |c BK